000
00252nam a2200109Ia 4500
008
220204s9999 xx 000 0 und d
082
_a
82-3
100
_a
Aragones
245
0
_a
Viva mad
260
_a
New Jersy
_b
New American Library
_c
1970
942
_c
BK
999
_c
35734
_d
35734